3000 câu đố kiến thức vòng quanh thế giới
Quyển sách sưu tập gần 3000 câu hỏi cung cấp cho bạn đọc những kiến thức thuộc nhiều lĩnh vực như: xưa, nay, con người, vạn vật, tinh thần hay môi trường,...
Gardado en:
| Formato: | Libro |
|---|---|
| Idioma: | Undetermined |
| Publicado: |
Thành phố Hồ Chí Minh
Thanh Niên
1999
|
| Những chủ đề: | |
| Các nhãn: |
Engadir etiqueta
Sen Etiquetas, Sexa o primeiro en etiquetar este rexistro!
|
| Thư viện lưu trữ: | Trung tâm Học liệu Trường Đại học Cần Thơ |
|---|
| LEADER | 00808nam a2200205Ia 4500 | ||
|---|---|---|---|
| 001 | CTU_36231 | ||
| 008 | 210402s9999 xx 000 0 und d | ||
| 020 | |b 28.000đ | ||
| 020 | |c 28000 | ||
| 082 | |a 001 | ||
| 082 | |b B100 | ||
| 245 | 0 | |a 3000 câu đố kiến thức vòng quanh thế giới | |
| 245 | 0 | |c Phạm Cao Hoàn dịch | |
| 260 | |a Thành phố Hồ Chí Minh | ||
| 260 | |b Thanh Niên | ||
| 260 | |c 1999 | ||
| 520 | |a Quyển sách sưu tập gần 3000 câu hỏi cung cấp cho bạn đọc những kiến thức thuộc nhiều lĩnh vực như: xưa, nay, con người, vạn vật, tinh thần hay môi trường,... | ||
| 650 | |a Knowledge | ||
| 904 | |i Minh, 000420 | ||
| 980 | |a Trung tâm Học liệu Trường Đại học Cần Thơ | ||